Normal view
MARC view
- Huelsman, Lawrence P
Entry Personal Name
001 - CONTROL NUMBER
- control field: 56874
003 - CONTROL NUMBER IDENTIFIER
- control field: NUST
005 - DATE AND TIME OF LATEST TRANSACTION
- control field: 20210628201809.0
008 - FIXED-LENGTH DATA ELEMENTS
- fixed length control field: 210628|| aca||aabn | a|a d
040 ## - CATALOGING SOURCE
- Original cataloging agency: NUST
- Transcribing agency: NUST
100 ## - HEADING--PERSONAL NAME
- Personal name: Huelsman, Lawrence P
670 ## - SOURCE DATA FOUND
- Source citation: Work cat.: (NUST): Huelsman, Lawrence P, Basic circuit theory, 2002
